=LDR 00000nam 2200000 4500 =001 INLIS000000000001477 =005 20130612085857 =008 ***********************************Ind** =035 ##$$0010-061300000001477 =041 ##$$a Ind =082 ##$$a 811.002 =090 ##$$a 811.002, And-d =100 ##$$a ANDANGJAYA, Hartoyo =245 ##$$a Dari sunyi ke bunyi, Kumpulan esai tentang puisi, Hartoyo, Andangjaya =260 ##$$a 1991 $b Jakarta =300 ##$$a xii, 162 hlm, 21 cm =650 ##$$a Puisi - Kumpulan Esai =850 ##$$a NBPNMAT